Dynamický model výberu portfólia dizertačná práca
Salvato in:
| Autore principale: | |
|---|---|
| Ente Autore: | |
| Altri autori: | |
| Natura: | Libro |
| Lingua: | slovacco |
| Pubblicazione: |
Bratislava
2014
|
| Soggetti: | |
| Tags: |
Nessun Tag, puoi essere il primo ad aggiungerne!!
|
MARC
| LEADER | 00000nbm a2200000 4500 | ||
|---|---|---|---|
| 001 | 0191731 | ||
| 005 | 20240502073222.8 | ||
| 041 | 0 | |a slo | |
| 044 | |a SK | ||
| 245 | 1 | 0 | |a Dynamický model výberu portfólia |b dizertačná práca |c Ivan Brezina ; školiteľ: Juraj Pekár |
| 264 | 1 | |a Bratislava |c 2014 | |
| 300 | |a 93 s. | ||
| 610 | 2 | 0 | |a portfólio |
| 610 | 2 | 0 | |a modely dynamické |
| 610 | 2 | 0 | |a riziko |
| 100 | 1 | |a Brezina, Ivan, ml. | |
| 700 | 1 | |a Pekár, Juraj, 1972- | |
| 710 | 2 | |a Fakulta hospodárskej informatiky EU. Katedra operačného výskumu a ekonometrie | |